000 nam a22 7a 4500
999 _c10574
_d10574
008 180219b ||||| |||| 00| 0 eng d
100 _aGoyal
_96475
245 _aLearning Elementary Science-IV
260 _aNew Delhi
_bGoyal
_c2011